| 000 | 00497nam a22001457a 4500 | ||
|---|---|---|---|
| 005 | 20251105181011.0 | ||
| 008 | 251105b |||||||| |||| 00| 0 eng d | ||
| 050 |
_aT14 _b.M55 |
||
| 245 |
_aPhilosophy and Technology _breadings in the philosophical problems of technology _cedited, Carl Mitcham & Robert Mackey |
||
| 260 |
_aNew York _aLondon _bThe Free Press _bCollier-Macmillan Limited _c1972 |
||
| 300 |
_aix. 399p. _c24cm |
||
| 700 | _aMitcham, Carl | ||
| 700 | _aMackey, Robert | ||
| 942 |
_2lcc _cBK _n0 |
||
| 999 |
_c8106 _d8106 |
||